[Event "Titled Tuesday intern op 26th Oct"]
[Site "Chess.com INT"]
[Date "2021.10.26"]
[Round "11"]
[White "Hennigan, Michael"]
[Black "Ambartsumova, Karina"]
[Result "0-1"]
[WhiteElo "2391"]
[BlackElo "2370"]
[PlyCount "54"]
[EventDate "2021.10.26"]
[EventType "swiss (blitz)"]
[EventRounds "11"]
[EventCountry "USA"]
[SourceTitle "CBM 204 Extra"]
[Source "ChessBase"]
[SourceDate "2021.11.30"]
[SourceVersion "1"]
[SourceVersionDate "2021.11.30"]
[SourceQuality "1"]

1. g3 Nf6 2. Bg2 g6 3. e4 e5 4. Nc3 Nc6 5. d3 Bg7 6. f4 0-0 7. Nf3 exf4 8. Bxf4 d5 9. e5 Nh5 10. d4 Nxf4 11. gxf4 Bf5 12. Qd2 a6 13. 0-0-0 b5 14. h4 h5 15. Ng5 Nb4 16. a3 Nxc2 17. Nxd5 c6 18. Nc3 Na1 19. Qd3 Nb3+ 20. Kb1 Bxd3+ 21. Rxd3 Qb6 22. Rhd1 Rad8 23. d5 Nc5 24. R3d2 cxd5 25. Bxd5 Ne6 26. Nce4 Nxf4 27. Bxf7+ Kh8 0-1

[Event "Titled Tuesday intern op 26th Oct"]
[Site "Chess.com INT"]
[Date "2021.10.26"]
[Round "6"]
[White "Hennigan, Michael"]
[Black "Tiwari, Aswani"]
[Result "1-0"]
[WhiteElo "2391"]
[BlackElo "2070"]
[PlyCount "61"]
[EventDate "2021.10.26"]
[EventType "swiss (blitz)"]
[EventRounds "11"]
[EventCountry "USA"]
[SourceTitle "CBM 204 Extra"]
[Source "ChessBase"]
[SourceDate "2021.11.30"]
[SourceVersion "1"]
[SourceVersionDate "2021.11.30"]
[SourceQuality "1"]

1. g3 f5 2. Bg2 Nf6 3. d3 d6 4. c4 e5 5. Nc3 Nc6 6. Nf3 g6 7. 0-0 Bg7 8. Rb1 a5 9. a3 0-0 10. b4 axb4 11. axb4 h6 12. b5 Ne7 13. Ne1 Kh7 14. Nc2 Rb8 15. Nb4 Be6 16. Ra1 d5 17. cxd5 Nexd5 18. Nbxd5 Nxd5 19. Bb2 f4 20. Ne4 fxg3 21. hxg3 Qd7 22. Nc5 Qf7 23. Nxe6 Qxe6 24. Qb3 Nf4 25. Qxe6 Nxe6 26. Rfc1 c6 27. Ra7 Rfc8 28. Bh3 Re8 29. bxc6 bxc6 30. Bxe5 Kh8 31. Bxb8 1-0

[Event "Titled Tuesday intern op 06th Oct"]
[Site "Chess.com INT"]
[Date "2020.10.06"]
[Round "9"]
[White "Schrik, Rachid"]
[Black "Hennigan, Michael"]
[Result "0-1"]
[WhiteElo "2198"]
[BlackElo "2391"]
[PlyCount "64"]
[EventDate "2020.10.06"]
[EventType "swiss (blitz)"]
[EventRounds "10"]
[EventCountry "USA"]
[SourceTitle "CBM 198 Extra"]
[Source "ChessBase"]
[SourceDate "2020.11.30"]
[SourceVersion "1"]
[SourceVersionDate "2020.11.30"]
[SourceQuality "1"]

1. d4 Nf6 2. c4 g6 3. Nc3 Bg7 4. e4 d6 5. f3 0-0 6. Bg5 c5 7. d5 e6 8. Qd2 a6 9. a4 Re8 10. Nge2 exd5 11. cxd5 Nbd7 12. Ng3 Qa5 13. Ra3 h5 14. Be2 Nh7 15. Bh6 Bh8 16. 0-0 Ne5 17. f4 Ng4 18. Bxg4 Bxg4 19. f5 Be5 20. fxg6 fxg6 21. Bf4 Kg7 22. h3 Bd7 23. Raa1 Qd8 24. Bxe5+ Rxe5 25. Rf4 Qg5 26. Nce2 h4 27. Nf1 Bxh3 28. Ne3 Rae8 29. Raf1 Rxe4 30. Rf7+ Kg8 31. Rxh7 Rxe3 32. Rff7 Qxg2# 0-1

[Event "Titled Tuesday intern op 15th Sept"]
[Site "Chess.com INT"]
[Date "2020.09.15"]
[Round "7"]
[White "Hennigan, Michael"]
[Black "Macovei, Andrei"]
[Result "0-1"]
[WhiteElo "2391"]
[BlackElo "2453"]
[PlyCount "70"]
[EventDate "2020.09.15"]
[EventType "swiss (blitz)"]
[EventRounds "10"]
[EventCountry "USA"]
[SourceTitle "CBM 198 Extra"]
[Source "ChessBase"]
[SourceDate "2020.11.30"]
[SourceVersion "1"]
[SourceVersionDate "2020.11.30"]
[SourceQuality "1"]

1. g3 Nf6 2. Bg2 e6 3. Nf3 b5 4. 0-0 Bb7 5. d3 c5 6. e4 d6 7. Nbd2 Nbd7 8. Ne1 Qc7 9. f4 Be7 10. g4 h6 11. a4 b4 12. a5 a6 13. c3 bxc3 14. bxc3 g5 15. fxg5 hxg5 16. h3 Ne5 17. Ndf3 Nfd7 18. Nxg5 Rg8 19. Ngf3 f5 20. exf5 exf5 21. Nxe5 Nxe5 22. Rxf5 Bxg2 23. Nxg2 0-0-0 24. d4 Nc4 25. Qf3 d5 26. Nf4 cxd4 27. Ne6 Qa7 28. Nxd8 dxc3+ 29. Kh1 Rxd8 30. Rf7 d4 31. Bg5 Rd7 32. Re1 d3 33. Rexe7 Rxe7 34. Rxe7 Qxe7 35. Bxe7 Ne5 0-1

[Event "Titled Tuesday intern op 15th Sept"]
[Site "Chess.com INT"]
[Date "2020.09.15"]
[Round "5"]
[White "Song, Michael"]
[Black "Hennigan, Michael"]
[Result "0-1"]
[WhiteElo "2421"]
[BlackElo "2391"]
[PlyCount "98"]
[EventDate "2020.09.15"]
[EventType "swiss (blitz)"]
[EventRounds "10"]
[EventCountry "USA"]
[SourceTitle "CBM 198 Extra"]
[Source "ChessBase"]
[SourceDate "2020.11.30"]
[SourceVersion "1"]
[SourceVersionDate "2020.11.30"]
[SourceQuality "1"]

1. d4 Nf6 2. Bg5 c5 3. d5 Qb6 4. Nc3 g6 5. Qd2 Bg7 6. Rb1 d6 7. e4 a6 8. f3 Qa5 9. a4 0-0 10. Nge2 b5 11. axb5 axb5 12. Nc1 b4 13. Nd1 Nbd7 14. Ne3 Nb6 15. Nc4 Nxc4 16. Bxc4 Ba6 17. Qe2 Bxc4 18. Qxc4 Qa6 19. Qxa6 Rxa6 20. Nd3 Rfa8 21. b3 Kf8 22. Kd2 Nd7 23. Be3 Ra2 24. Kd1 e6 25. dxe6 fxe6 26. Bc1 d5 27. exd5 exd5 28. Nf4 Nb6 29. Ne6+ Kf7 30. Nxg7 Kxg7 31. Re1 Kf6 32. Bf4 d4 33. Re5 R8a5 34. Bg3 g5 35. f4 gxf4 36. Bxf4 d3 37. cxd3 Rxg2 38. Re2 Rxe2 39. Kxe2 Nd5 40. Bd2 Ra2 41. Rf1+ Ke5 42. Rf7 Nc3+ 43. Ke3 Nd5+ 44. Ke2 Rb2 45. Rxh7 Rxb3 46. Rh5+ Ke6 47. h4 Rb1 48. Bf4 Nxf4+ 49. Kf3 Nxh5 0-1

[Event "London Classic op"]
[Site "London"]
[Date "2010.12.14"]
[Round "8"]
[White "Wallace, Paul Anthony"]
[Black "Hennigan, Michael"]
[Result "0-1"]
[WhiteElo "2231"]
[BlackElo "2388"]
[PlyCount "28"]
[EventDate "2010.12.08"]
[EventType "swiss"]
[EventRounds "9"]
[EventCountry "ENG"]
[SourceTitle "CBM 139 Extra"]
[Source "ChessBase"]
[SourceDate "2011.01.05"]
[SourceVersion "1"]
[SourceVersionDate "2011.01.05"]
[SourceQuality "1"]

1. e4 c5 2. Nf3 Nc6 3. d4 cxd4 4. Nxd4 Nf6 5. Nc3 d6 6. Bg5 e6 7. Qd2 a6 8. 0-0-0 Bd7 9. f4 Be7 10. Nf3 b5 11. e5 b4 12. exf6 bxc3 13. Qxc3 gxf6 14. Rxd6 Bxd6 0-1

[Event "London Classic op"]
[Site "London"]
[Date "2010.12.10"]
[Round "3"]
[White "Hennigan, Michael"]
[Black "Toubale, Tarek"]
[Result "1/2-1/2"]
[WhiteElo "2388"]
[BlackElo "2168"]
[PlyCount "96"]
[EventDate "2010.12.08"]
[EventType "swiss"]
[EventRounds "9"]
[EventCountry "ENG"]
[SourceTitle "CBM 139 Extra"]
[Source "ChessBase"]
[SourceDate "2011.01.05"]
[SourceVersion "1"]
[SourceVersionDate "2011.01.05"]
[SourceQuality "1"]

1. g3 d5 2. Nf3 Bg4 3. Bg2 c6 4. 0-0 Nd7 5. d3 e6 6. b3 Ngf6 7. Bb2 Be7 8. Nbd2 0-0 9. h3 Bh5 10. e4 dxe4 11. dxe4 a5 12. a4 Qc7 13. Qe2 Rfd8 14. Nc4 Bc5 15. Kh1 Nb6 16. Nce5 Nbd7 17. Nd3 Be7 18. g4 Bg6 19. Nfe5 Nxe5 20. Nxe5 Nd7 21. f4 Bf6 22. Nd3 Bxb2 23. Nxb2 f6 24. Nd3 e5 25. f5 Bf7 26. h4 c5 27. c4 Ra6 28. g5 Kh8 29. Rg1 Rd6 30. Qe3 b6 31. Nf2 Bh5 32. Bf3 Bxf3+ 33. Qxf3 Qb7 34. Rg3 fxg5 35. hxg5 Rd2 36. Ng4 Nf8 37. Nxe5 Qc7 38. Qf4 Kg8 39. f6 Ne6 40. f7+ Kf8 41. Qf5 Nd4 42. Qxh7 Qxe5 43. Qg8+ Ke7 44. Qxd8+ Kxd8 45. f8Q+ Kc7 46. Qf7+ Kb8 47. Qf8+ Ka7 48. Qf7+ Kb8 1/2-1/2

[Event "London Classic op"]
[Site "London"]
[Date "2009.12.11"]
[Round "4"]
[White "Hennigan, Michael"]
[Black "Wells, Peter K"]
[Result "1/2-1/2"]
[WhiteElo "2385"]
[BlackElo "2489"]
[PlyCount "99"]
[EventDate "2009.12.08"]
[EventType "swiss"]
[EventRounds "9"]
[EventCountry "ENG"]
[SourceTitle "CBM 133 Extra"]
[Source "ChessBase"]
[SourceDate "2010.01.05"]
[SourceVersion "1"]
[SourceVersionDate "2010.01.05"]
[SourceQuality "1"]

1. g3 g6 2. Bg2 Bg7 3. e4 d5 4. exd5 Nf6 5. Nc3 Nbd7 6. Nge2 Nb6 7. Nf4 Bg4 8. Bf3 h5 9. d4 Qd7 10. 0-0 0-0-0 11. Re1 g5 12. Nd3 Nfxd5 13. Ne5 Bxe5 14. dxe5 Nxc3 15. Qxd7+ Nxd7 16. Bxg4 hxg4 17. bxc3 f6 18. exf6 exf6 19. Kg2 Rh3 20. c4 Rdh8 21. Rh1 Ne5 22. Bb2 Nf3 23. Bxf6 Rxh2+ 24. Rxh2 Rxh2+ 25. Kf1 Rh6 26. Bc3 Rc6 27. Ke2 b5 28. Kd3 Rxc4 29. Rb1 a6 30. a3 c5 31. Rh1 Ra4 32. Bb2 Kd7 33. Rh6 a5 34. Ra6 c4+ 35. Ke2 Kc7 36. Bc1 Kb7 37. Rg6 b4 38. axb4 axb4 39. Bxg5 Ra2 40. Kd1 Ra1+ 41. Bc1 Ra8 42. Be3 Ra1+ 43. Bc1 Nh2 44. Re6 b3 45. cxb3 cxb3 46. Re3 Rb1 47. Re2 Kc6 48. Rb2 Rxb2 49. Bxb2 Kd5 50. Kd2 1/2-1/2

[Event "BCF-chT 0607 (4NCL)"]
[Site "Sunningdale"]
[Date "2007.01.14"]
[Round "6.1"]
[White "Pert, Richard G"]
[Black "Hennigan, Michael"]
[Result "1-0"]
[WhiteElo "2450"]
[BlackElo "2390"]
[PlyCount "59"]
[EventDate "2006.09.16"]
[EventType "team"]
[EventRounds "11"]
[EventCountry "ENG"]
[SourceTitle "EXT 2008"]
[Source "ChessBase"]
[SourceDate "2007.11.25"]
[SourceVersion "1"]
[SourceVersionDate "2007.11.25"]
[SourceQuality "1"]
[WhiteTeam "Betsson.com"]
[BlackTeam "NW Eagles"]
[WhiteTeamCountry "ENG"]
[BlackTeamCountry "ENG"]

1. d4 Nf6 2. c4 g6 3. Nc3 Bg7 4. e4 d6 5. Nf3 0-0 6. Be2 e5 7. Be3 Ng4 8. Bg5 f6 9. Bc1 Nc6 10. d5 Ne7 11. h3 Nh6 12. h4 f5 13. h5 Nf7 14. hxg6 hxg6 15. Ng5 f4 16. Nxf7 Kxf7 17. Bd2 Rh8 18. Rg1 Ng8 19. Qc2 Nf6 20. 0-0-0 Rh2 21. g3 fxg3 22. Rxg3 Nh5 23. Bxh5 gxh5 24. Rdg1 Bf6 25. Qd1 Bd7 26. R3g2 Rxg2 27. Qxh5+ Kf8 28. Rxg2 Qe8 29. Qh6+ Ke7 30. Bg5 1-0

[Event "Malaga op 9th"]
[Site "Campillos"]
[Date "2006.03.02"]
[Round "7"]
[White "Matamoros Franco, Carlos S"]
[Black "Hennigan, Michael"]
[Result "1-0"]
[WhiteElo "2510"]
[BlackElo "2400"]
[PlyCount "65"]
[EventDate "2006.02.25"]
[EventType "swiss"]
[EventRounds "9"]
[EventCountry "ESP"]
[SourceTitle "CBM 111 Extra"]
[Source "ChessBase"]
[SourceDate "2006.05.09"]
[SourceVersion "1"]
[SourceVersionDate "2006.05.09"]
[SourceQuality "1"]

1. c4 Nf6 2. g3 g6 3. Bg2 Bg7 4. Nc3 0-0 5. d4 d6 6. Nf3 Nc6 7. 0-0 e5 8. d5 Ne7 9. e4 Nd7 10. Ne1 f5 11. Nd3 Nf6 12. Bg5 fxe4 13. Nxe4 Nf5 14. g4 Nd4 15. f4 Qe8 16. Nxf6+ Bxf6 17. Bxf6 Rxf6 18. Re1 Qf8 19. fxe5 dxe5 20. Nxe5 c5 21. dxc6 Nxc6 22. Bd5+ Kg7 23. Nxc6 bxc6 24. Qd4 h6 25. Bxc6 Rb8 26. Re8 Qd6 27. Qxd6 Rxd6 28. Bd5 Rbb6 29. Rf1 h5 30. Rff8 Rxb2 31. Rxc8 Rb1+ 32. Kg2 Rb2+ 33. Rf2 1-0

[Event "BCF-chT 0405 (4NCL)"]
[Site "West Bromwich"]
[Date "2005.04.10"]
[Round "8.3"]
[White "Hinks Edwards, Thomas RJ"]
[Black "Hennigan, Michael"]
[Result "1-0"]
[WhiteElo "2356"]
[BlackElo "2400"]
[PlyCount "83"]
[EventDate "2004.09.18"]
[EventType "team"]
[EventRounds "11"]
[EventCountry "ENG"]
[SourceTitle "EXT 2006"]
[Source "ChessBase"]
[SourceDate "2005.11.24"]
[SourceVersion "1"]
[SourceVersionDate "2005.11.24"]
[SourceQuality "1"]
[WhiteTeam "Richmond"]
[BlackTeam "The ADS"]
[WhiteTeamCountry "ENG"]
[BlackTeamCountry "ENG"]

1. e4 c5 2. f4 d5 3. exd5 Nf6 4. c4 e6 5. dxe6 Bxe6 6. Nf3 Nc6 7. d3 Be7 8. Be2 Qd7 9. Nc3 h5 10. Be3 0-0-0 11. Qa4 Ng4 12. Bg1 Nd4 13. Qxd7+ Rxd7 14. Nxd4 cxd4 15. Nb5 Bb4+ 16. Kd1 Ne3+ 17. Bxe3 dxe3 18. Kc2 a6 19. a3 Be7 20. Nc3 h4 21. Bf3 Rd4 22. g3 Bf5 23. Be4 Bd7 24. Nd5 Bc5 25. b4 f5 26. Bf3 Ba7 27. Rae1 Bc6 28. Ne7+ Kd7 29. Bxc6+ Kxe7 30. Bxb7 Kf6 31. c5 g5 32. Rxe3 hxg3 33. hxg3 Rxh1 34. Bxh1 gxf4 35. gxf4 Rxf4 36. Bd5 a5 37. Re6+ Kg5 38. Ra6 Bb8 39. Rxa5 Rf2+ 40. Kb3 f4 41. Ra8 Be5 42. Re8 1-0

[Event "Gibraltar Masters"]
[Site "Caleta"]
[Date "2005.02.02"]
[Round "9"]
[White "Hennigan, Michael"]
[Black "Dunn, Andrew"]
[Result "1/2-1/2"]
[WhiteElo "2408"]
[BlackElo "2186"]
[PlyCount "85"]
[EventDate "2005.01.25"]
[EventType "swiss"]
[EventRounds "10"]
[EventCountry "GGB"]
[SourceTitle "CBM 104 Extra"]
[Source "ChessBase"]
[SourceDate "2005.03.01"]
[SourceVersion "1"]
[SourceVersionDate "2005.03.01"]
[SourceQuality "1"]

1. Nf3 d5 2. g3 Nf6 3. Bg2 Bf5 4. 0-0 c6 5. d3 Nbd7 6. c4 e6 7. cxd5 cxd5 8. Nc3 Be7 9. Re1 0-0 10. e4 Bg4 11. h3 Bxf3 12. Bxf3 Ne5 13. Be2 Nc6 14. Bf3 Ne5 15. Bg2 dxe4 16. dxe4 Nd3 17. Re2 Nxc1 18. Rxc1 Qxd1+ 19. Nxd1 Rfc8 20. Rec2 Rxc2 21. Rxc2 Rd8 22. Ne3 e5 23. f4 exf4 24. gxf4 b6 25. Kf2 Bc5 26. Ke2 g6 27. Bf3 h5 28. a3 a5 29. e5 Bxe3 30. Kxe3 Nd5+ 31. Bxd5 Rxd5 32. a4 Rd1 33. Rc6 Rh1 34. Rxb6 Rxh3+ 35. Ke4 Rh4 36. e6 fxe6 37. Rxe6 Kf7 38. Re5 Rh2 39. Rb5 Rc2 40. Kd3 Rg2 41. Ke4 Rc2 42. b3 Rc3 43. Rxa5 1/2-1/2

[Event "Gibraltar Masters"]
[Site "Caleta"]
[Date "2005.01.28"]
[Round "4"]
[White "Postny, Evgeny"]
[Black "Hennigan, Michael"]
[Result "1-0"]
[WhiteElo "2557"]
[BlackElo "2408"]
[PlyCount "97"]
[EventDate "2005.01.25"]
[EventType "swiss"]
[EventRounds "10"]
[EventCountry "GGB"]
[SourceTitle "CBM 104 Extra"]
[Source "ChessBase"]
[SourceDate "2005.03.01"]
[SourceVersion "1"]
[SourceVersionDate "2005.03.01"]
[SourceQuality "1"]

1. d4 Nf6 2. c4 g6 3. Nc3 Bg7 4. e4 d6 5. f3 0-0 6. Be3 c5 7. Nge2 Qa5 8. Qd2 Nc6 9. d5 Ne5 10. Nc1 e6 11. Be2 exd5 12. cxd5 Bd7 13. 0-0 b5 14. a3 Rab8 15. h3 Nc4 16. Bxc4 bxc4 17. N1a2 Rb3 18. Rac1 Rfb8 19. Rc2 Ne8 20. Rf2 Nc7 21. Nd1 Qa6 22. Nac3 Nb5 23. Nxb5 Rd3 24. Qc1 Bxb5 25. Nc3 Ba4 26. Nxa4 Qxa4 27. Kh2 Rdb3 28. Bf4 R8b6 29. Rxc4 Qa6 30. Rcc2 Qb7 31. e5 dxe5 32. Rxc5 h5 33. Bh6 Rxb2 34. Rxb2 Rxb2 35. Rc8+ Kh7 36. Bxg7 Kxg7 37. Qc5 Rd2 38. Qf8+ Kf6 39. Qd6+ Kf5 40. Rc6 Rxg2+ 41. Kxg2 Qb2+ 42. Kf1 Qb1+ 43. Ke2 Qb2+ 44. Kd3 Qb3+ 45. Rc3 Qb5+ 46. Kc2 Qe2+ 47. Kb3 Qd1+ 48. Kb4 Qd4+ 49. Rc4 1-0

[Event "BCF-chT 0405 (4NCL)"]
[Site "West Bromwich"]
[Date "2004.11.20"]
[Round "3.2"]
[White "Hennigan, Michael"]
[Black "Hunt, Adam"]
[Result "1-0"]
[WhiteElo "2417"]
[BlackElo "2434"]
[PlyCount "79"]
[EventDate "2004.09.18"]
[EventType "team"]
[EventRounds "11"]
[EventCountry "ENG"]
[SourceTitle "EXT 2006"]
[Source "ChessBase"]
[SourceDate "2005.11.24"]
[SourceVersion "1"]
[SourceVersionDate "2005.11.24"]
[SourceQuality "1"]
[WhiteTeam "The ADS"]
[BlackTeam "BET"]
[WhiteTeamCountry "ENG"]
[BlackTeamCountry "ENG"]

1. g3 c5 2. Bg2 Nc6 3. Nf3 g6 4. 0-0 Bg7 5. e4 e5 6. c3 Nge7 7. a3 d6 8. b4 h6 9. Bb2 0-0 10. d3 Be6 11. Nbd2 Rc8 12. Re1 Qd7 13. Nc4 b5 14. Ne3 cxb4 15. axb4 f5 16. Nd2 f4 17. Nd5 g5 18. c4 Rb8 19. Bc3 g4 20. Ra6 f3 21. Bf1 Nd4 22. Bxd4 exd4 23. Qa1 Rb7 24. c5 Nc6 25. Nb3 Rf7 26. cxd6 Bxd5 27. Nc5 Qxd6 28. Nxb7 Rxb7 29. exd5 Qxd5 30. Qc1 Nxb4 31. Qc8+ Kh7 32. Rae6 Qd7 33. Qc5 Nd5 34. Rd6 Qf7 35. Rxd5 b4 36. Rf5 Qg6 37. h3 b3 38. hxg4 b2 39. Rb1 Qe6 40. Qd5 1-0

[Event "BCF-chT 0304 (4NCL)"]
[Site "West Bromwich"]
[Date "2004.05.02"]
[Round "8.2"]
[White "Hennigan, Michael"]
[Black "Sowray, Peter John"]
[Result "0-1"]
[WhiteElo "2444"]
[BlackElo "2360"]
[PlyCount "155"]
[EventDate "2003.10.18"]
[EventType "team"]
[EventRounds "11"]
[EventCountry "ENG"]
[SourceTitle "EXT 2005"]
[Source "ChessBase"]
[SourceDate "2004.11.15"]
[SourceVersion "1"]
[SourceVersionDate "2004.11.15"]
[SourceQuality "1"]
[WhiteTeam "The ADS"]
[BlackTeam "Wood Green II"]
[WhiteTeamCountry "ENG"]
[BlackTeamCountry "ENG"]

1. g3 g6 2. Bg2 Bg7 3. d4 d6 4. Nc3 Nc6 5. Nf3 Nf6 6. d5 Nb4 7. a3 Na6 8. e4 0-0 9. 0-0 e5 10. dxe6 Bxe6 11. Be3 Re8 12. Nd4 Bg4 13. Qd2 Nc5 14. f3 Bd7 15. Rad1 Ne6 16. Nde2 Bc6 17. g4 h5 18. g5 Nd7 19. h4 Ne5 20. b3 Nc5 21. Ng3 Qe7 22. Rfe1 Rad8 23. Nd5 Bxd5 24. exd5 Qd7 25. Bd4 f5 26. gxf6 Bxf6 27. f4 Ng4 28. Bxf6 Nxf6 29. f5 gxf5 30. Qg5+ Qg7 31. Nxf5 Qxg5 32. hxg5 Ng4 33. Ng3 Ne3 34. Rd2 Nxg2 35. Rxe8+ Rxe8 36. Rxg2 h4 37. Nh5 Re1+ 38. Kh2 Nd7 39. Kh3 Rh1+ 40. Rh2 Rd1 41. Kxh4 Rd4+ 42. Kg3 Rxd5 43. Kf4 Kf7 44. Ng3 Nf8 45. Kg4 Rd4+ 46. Kh5 Rf4 47. Rh1 Kg7 48. Rf1 Rxf1 49. Nxf1 Ne6 50. Ne3 Nf4+ 51. Kg4 Ne6 52. Nf5+ Kg6 53. Nh4+ Kg7 54. Nf3 Kg6 55. b4 b5 56. Nh4+ Kf7 57. c3 a6 58. Nf5 Kg6 59. Ne7+ Kf7 60. Nf5 Kg6 61. Nh4+ Kf7 62. Kf5 Ng7+ 63. Ke4 Ke6 64. Nf3 c5 65. Nh4 d5+ 66. Kf4 c4 67. Ke3 Nf5+ 68. Nxf5 Kxf5 69. Kd4 Kxg5 70. Kxd5 Kf4 71. Kc5 Ke3 72. Kb6 Kd3 73. Kxa6 Kxc3 74. Kxb5 Kd4 75. Ka6 c3 76. b5 c2 77. b6 c1Q 78. b7 0-1

[Event "Prague op 03rd"]
[Site "Prague"]
[Date "2004.01.22"]
[Round "8"]
[White "Hasangatin, Ramil"]
[Black "Hennigan, Michael"]
[Result "1/2-1/2"]
[WhiteElo "2515"]
[BlackElo "2434"]
[PlyCount "135"]
[EventDate "2004.01.16"]
[EventType "swiss"]
[EventRounds "9"]
[EventCountry "CZE"]
[SourceTitle "CBM 098 Extra"]
[Source "ChessBase"]
[SourceDate "2004.03.10"]
[SourceVersion "2"]
[SourceVersionDate "2004.03.10"]
[SourceQuality "1"]

1. e4 c5 2. Nf3 d6 3. Bb5+ Nc6 4. c3 Nf6 5. Qe2 Bd7 6. d4 cxd4 7. cxd4 a6 8. Bxc6 Bxc6 9. Nc3 d5 10. exd5 Bxd5 11. Bg5 e6 12. Bxf6 gxf6 13. 0-0 Be7 14. Rfd1 0-0 15. Nd2 Kh8 16. Nf1 b5 17. Ne3 Bb7 18. d5 Qb6 19. a4 b4 20. a5 Qc7 21. Ne4 Qf4 22. Ng3 Rad8 23. Rac1 Qe5 24. f4 Qd6 25. Nef5 exf5 26. Nxf5 Qxf4 27. Qxe7 Qxf5 28. Qxb7 Rd6 29. Qxb4 Rfd8 30. Qc3 Rxd5 31. Rxd5 Rxd5 32. Qc8+ Qxc8 33. Rxc8+ Kg7 34. b4 Rd2 35. Rc6 Rb2 36. Rb6 h5 37. Kf1 Kg6 38. Ke1 h4 39. h3 Kg5 40. Kf1 f5 41. Rxa6 Rxb4 42. Ra8 Ra4 43. a6 Kf4 44. a7 Ra2 45. Ke1 Ra6 46. Kd2 Ra3 47. Kc2 Ra6 48. Kd3 Ra4 49. Kc3 Ra6 50. Kd4 Ra4+ 51. Kc5 Ra6 52. Kb5 Ra1 53. Kb6 Rb1+ 54. Kc6 Ra1 55. Kd6 Ra6+ 56. Kd7 Ra5 57. Kc6 Ra1 58. Kd6 Ra6+ 59. Ke7 Ke3 60. Kxf7 Kf2 61. Ke7 f4 62. Kd7 Kxg2 63. Rg8+ Kxh3 64. a8Q Rxa8 65. Rxa8 f3 66. Rf8 Kg2 67. Rg8+ Kf2 68. Rh8 1/2-1/2